000 01031cam a2200229 4500
001 ABS66665
008 030523n2003 000 0 eng u
035 _a(Sirsi) u122379
100 _aHeywood, A.
245 2 _aA business case for sustainability in the construction industry
260 _c2003
490 _aRICS Quantity Surveying and Construction Faculty Feature
_v1 May 2003 (2)
520 _aFeature arguing that sustainability makes commercial sense for the construction industry on the grounds of cost savings, reputation and shareholder and stakeholder value. Government initiatives and the statutory framework also mean that the industry must take action to integrate sustainable practices into its everyday activities.
590 _aABS
650 _aEGAN REFORMS
650 _aENVIRONMENTAL PERFORMANCE INDICATORS
650 _aKEY PERFORMANCE INDICATORS
650 _aRESPECT FOR PEOPLE INDICATORS
650 _aSUSTAINABLE CONSTRUCTION
690 _aBUILDING AND CONSTRUCTION-SUSTAINABLE
942 _n0
999 _c72736
_d72736